<?xml version="1.0" encoding="UTF-8"?>
<record
    xmlns:xsi="http://www.w3.org/2001/XMLSchema-instance"
    xsi:schemaLocation="http://www.loc.gov/MARC21/slim http://www.loc.gov/standards/marcxml/schema/MARC21slim.xsd"
    xmlns="http://www.loc.gov/MARC21/slim">

  <leader>01004nam a2200253 a 4500</leader>
  <controlfield tag="001">BRCA_1493</controlfield>
  <controlfield tag="005">20190320203443.0</controlfield>
  <controlfield tag="008">160508s2006----us-a---###---#000-0#eng-#</controlfield>
  <datafield tag="050" ind1=" " ind2="4">
    <subfield code="a">NK4718</subfield>
    <subfield code="b">.A73 2006</subfield>
  </datafield>
  <datafield tag="100" ind1="1" ind2=" ">
    <subfield code="a">Ardren, Traci</subfield>
    <subfield code="9">4876</subfield>
  </datafield>
  <datafield tag="245" ind1="1" ind2="0">
    <subfield code="a">Flowers for the Earth Lord</subfield>
    <subfield code="b">Guatemalan Textiles from the Permanent Collection</subfield>
    <subfield code="c">by Traci Ardren ; with photographs by Jeffrey J. Foxx.</subfield>
  </datafield>
  <datafield tag="260" ind1=" " ind2=" ">
    <subfield code="a">Coral Gables, Florida</subfield>
    <subfield code="b">Lowe Art Museum, University of Miami</subfield>
    <subfield code="c">2006</subfield>
  </datafield>
  <datafield tag="300" ind1=" " ind2=" ">
    <subfield code="a">164 p.</subfield>
    <subfield code="b">il. a color</subfield>
    <subfield code="c">28 cm.</subfield>
  </datafield>
  <datafield tag="500" ind1=" " ind2=" ">
    <subfield code="a">Cat&#xE1;logo de la exposici&#xF3;n realizada en The Lowe Art Museum (Miami), 23 septiembre - 12 noviembre, 2006</subfield>
  </datafield>
  <datafield tag="500" ind1=" " ind2=" ">
    <subfield code="a">Incluye glosario</subfield>
  </datafield>
  <datafield tag="504" ind1=" " ind2=" ">
    <subfield code="a">Bibliograf&#xED;a : p. 161</subfield>
  </datafield>
  <datafield tag="546" ind1=" " ind2=" ">
    <subfield code="a">Texto en : ingl&#xE9;s y espa&#xF1;ol</subfield>
  </datafield>
  <datafield tag="610" ind1="2" ind2="4">
    <subfield code="a">Museo de Arte Lowe (Miami)</subfield>
    <subfield code="x">Colecciones de textiles</subfield>
    <subfield code="9">4877</subfield>
  </datafield>
  <datafield tag="650" ind1="1" ind2="4">
    <subfield code="a">Vestidos mayas</subfield>
    <subfield code="9">4878</subfield>
  </datafield>
  <datafield tag="650" ind1="1" ind2="4">
    <subfield code="a">Arte textil</subfield>
    <subfield code="z">Guatemala</subfield>
    <subfield code="9">4879</subfield>
  </datafield>
  <datafield tag="650" ind1="1" ind2="4">
    <subfield code="a">Indumentaria ind&#xED;gena</subfield>
    <subfield code="9">4880</subfield>
  </datafield>
  <datafield tag="700" ind1="1" ind2=" ">
    <subfield code="a">Foxx, Jeffrey J</subfield>
    <subfield code="9">4881</subfield>
  </datafield>
  <datafield tag="942" ind1=" " ind2=" ">
    <subfield code="2">lcc</subfield>
    <subfield code="c">B</subfield>
  </datafield>
  <datafield tag="999" ind1=" " ind2=" ">
    <subfield code="c">1354</subfield>
    <subfield code="d">1354</subfield>
  </datafield>
  <datafield tag="952" ind1=" " ind2=" ">
    <subfield code="0">0</subfield>
    <subfield code="1">0</subfield>
    <subfield code="4">0</subfield>
    <subfield code="7">0</subfield>
    <subfield code="a">BRCA</subfield>
    <subfield code="b">BRCA</subfield>
    <subfield code="d">2008-06-26</subfield>
    <subfield code="l">0</subfield>
    <subfield code="o">NK4718 .A73 2006</subfield>
    <subfield code="p">02022</subfield>
    <subfield code="r">2019-03-22 00:00:00</subfield>
    <subfield code="w">2019-03-22</subfield>
    <subfield code="y">B</subfield>
  </datafield>
</record>
